Error Control, Cryptology and Speech Compression : Workshop on Information Protection Moscow, Russia, December 6-9, 1993 Selected Papers
Αποθηκεύτηκε σε:
| Συγγραφή απο Οργανισμό/Αρχή: | |
|---|---|
| Άλλοι συγγραφείς: | , |
| Μορφή: | Πρακτικό Συνεδρίου Βιβλίο |
| Γλώσσα: | English |
| Δημοσίευση: |
Berlin :
Springer-Verlag,
c1994.
|
| Σειρά: | Lecture notes in computer science ;
829 |
| Θέματα: | |
| Ετικέτες: |
Προσθήκη ετικέτας
Δεν υπάρχουν, Καταχωρήστε ετικέτα πρώτοι!
|
MARC
| LEADER | 00000cam a2200000 i 4500 | ||
|---|---|---|---|
| 001 | 1/41988 | ||
| 008 | 950307s1994####gw | ||| |||| ||eng|| | ||
| 020 | |a 3540582657 | ||
| 035 | |1 ΕΛΗ |a 1995 |c ΓΚΡΙΤΖΑΛΗΣ |l 10041646 | ||
| 040 | |a GR-MyUA |b gre |e AACR2 | ||
| 041 | 0 | |a eng | |
| 082 | 0 | |a 005.72 | |
| 111 | 0 | |a Workshop on Information Protection |d (December 6-9, 1993 |c Moscow, Russia. | |
| 245 | 1 | 0 | |a Error Control, Cryptology and Speech Compression : |b Workshop on Information Protection Moscow, Russia, December 6-9, 1993 Selected Papers / |c Andrew Chmora, Stephen B. Wicker (Eds.). |
| 260 | |a Berlin : |b Springer-Verlag, |c c1994. | ||
| 300 | |a 121 σ. : |b εικ. ; |c 24 εκ. | ||
| 490 | 1 | |a (Lecture notes in computer science |v ; 829) | |
| 504 | |a Περιέχει βιβλιογραφικές αναφορές. | ||
| 650 | 0 | 0 | |a Computer security |x Congresses. |
| 650 | 0 | 0 | |a Data protection |x Congresses. |
| 700 | 1 | |a Chmora, Andrew, |d 1958- |e edt | |
| 700 | 1 | |a Wicker, Stephen B. |e edt | |
| 830 | 0 | |a Lecture notes in computer science ; |v 829 | |
| 852 | |a INST |b SAMOS |e 19950307 |h 005.72 WOR |p 005300009859 |q 005300009859 |t BK |y 0 | ||
| 909 | |a Σ |b 044763 | ||